| 000 | 00822nam a2200253 a 4500 | ||
|---|---|---|---|
| 003 | MX-MxUPN | ||
| 005 | 20230525063730.0 | ||
| 008 | 220307s1984 mx a|||| |||| 000 0 spa d | ||
| 020 | _a9684164890 | ||
| 040 |
_aMX-MxUPN _bspa _cMX-MxUPN |
||
| 041 | 0 | _aspa | |
| 049 | _aLT | ||
| 050 | 4 |
_aLB1585 M6.2 _bQ4.3 |
|
| 100 | 1 |
_aQuesada de Walton, Eneida R. _943893 |
|
| 245 | 1 | 0 |
_aCiencias naturales 2 / _cEneida R. Quesada de Walton, José Menéndez Fernández. |
| 250 | _a1a ed. | ||
| 260 |
_aMéxico, D.F. : _bFernández Editores, _c1984. |
||
| 300 |
_a143 p. : _bil. col. |
||
| 490 | 0 |
_aSeroe Valecillo ; _v302 |
|
| 650 | 4 |
_aCiencias naturales _xEstudio y enseñanza (Elemental) _92812 |
|
| 650 | 4 |
_aCiencias naturales _vLibros de texto _910151 |
|
| 700 | 1 |
_aMenéndez Fernández, José _943894 _ecoaut. |
|
| 905 | _aLibro | ||
| 999 |
_c208218 _d208218 |
||